Statistiques concernant Livre à l'auteur n°4

Cliquez ici pour prendre le quiz!

Statistiques générales

  • Ce quiz a été pris 179 fois
  • Le résultat moyen est 6 sur 14

Statistiques - réponses

LivreAuteur% Correct
Harry Potter à l'école des sorciersJ. K. Rowling
90%
Le Seigneur des anneauxJ. R. R. Tolkien
84%
Les Raisins de la colèreJohn Steinbeck
78%
SalammbôGustave Flaubert
67%
Maigret à New YorkGeorges Simenon
59%
Vingt ans aprèsAlexandre Dumas
44%
Les Travailleurs de la merVictor Hugo
44%
EmmaJane Austen
39%
Le soleil se lève aussiErnest Hemingway
36%
Le Fantôme de CantervilleOscar Wilde
23%
Les Carnets du sous-solFiodor Dostoïevski
15%
Heurs et Malheurs de la fameuse Moll FlandersDaniel Defoe
9%
Vertu d'égoïsmeAyn Rand
6%
e Dit du GenjiMurasaki Shikibu
4%

Distribution des résultats

Percentile par nombre de réponses

% des personnes avec chaque résultat

Votre développement - résultats

Vous n’avez pas pris ce quiz